[Event "GRE-ch U20"]
[Site "Chania"]
[Date "2018.04.11"]
[Round "2"]
[White "Tsobanakis, Stelios"]
[Black "Chompitakis, Konstantinos"]
[Result "0-1"]
[WhiteElo "1197"]
[BlackElo "1659"]
[PlyCount "66"]
[EventDate "2018.04.10"]
[EventType "swiss"]
[EventRounds "9"]
[EventCountry "GRE"]
[SourceTitle "CBM 184 Extra"]
[Source "ChessBase"]
[SourceDate "2018.06.28"]
[SourceVersion "1"]
[SourceVersionDate "2018.06.28"]
[SourceQuality "1"]
[WhiteTeam "Greece"]
[BlackTeam "Greece"]
[WhiteTeamCountry "GRE"]
[BlackTeamCountry "GRE"]

1. e4 b6 2. d4 Bb7 3. Nc3 e6 4. a3 Nf6 5. e5 Ne4 6. Nxe4 Bxe4 7. Nf3 d5 8. Be2 Be7 9. 0-0 0-0 10. Nd2 Bg6 11. f4 c5 12. c3 Nc6 13. Nf3 Be4 14. h3 Bxf3 15. Rxf3 cxd4 16. cxd4 Nxd4 17. Rf1 Bc5 18. Kh1 Nf5 19. g4 Ng3+ 20. Kh2 Nxf1+ 21. Qxf1 Qh4 22. Qd1 Qf2+ 23. Kh1 Qg3 24. Qf1 Bd4 25. Bd2 Rac8 26. Rc1 Rxc1 27. Bxc1 Rc8 28. Bd2 Bxb2 29. Bd1 Bc3 30. Bc1 h6 31. a4 a5 32. Bf3 Be1 33. Be3 Rc3 0-1

[Event "GRE-ch U20"]
[Site "Chania"]
[Date "2017.01.02"]
[Round "1"]
[White "Kelires, Andreas"]
[Black "Chompitakis, Konstantinos"]
[Result "1-0"]
[WhiteElo "2509"]
[BlackElo "1670"]
[PlyCount "71"]
[EventDate "2017.01.02"]
[EventType "swiss"]
[EventRounds "9"]
[EventCountry "GRE"]
[SourceTitle "EXT 2024"]
[Source "ChessBase"]
[SourceDate "2023.10.10"]
[SourceVersion "1"]
[SourceVersionDate "2023.10.10"]
[SourceQuality "1"]

1. d4 Nf6 2. Nf3 g6 3. Bg5 Bg7 4. Nbd2 d6 5. c3 0-0 6. e3 c5 7. Bd3 Nbd7 8. 0-0 Qc7 9. Re1 Re8 10. e4 e5 11. dxe5 dxe5 12. a4 b6 13. Nc4 Bb7 14. Qc2 Bc6 15. Ne3 Qb7 16. Nd2 a6 17. Nec4 Qc7 18. Ne3 b5 19. axb5 axb5 20. c4 b4 21. Nd5 Qd6 22. Be2 Nf8 23. Qd3 Nxd5 24. cxd5 Bd7 25. Be3 Qc7 26. Rxa8 Rxa8 27. Rc1 Ra5 28. Nb3 Bb5 29. Qd2 Bxe2 30. Nxa5 Qxa5 31. Qxe2 Nd7 32. h4 h5 33. Qc4 Bf8 34. d6 Bxd6 35. Qd5 Qb6 36. Rd1 1-0

[Event "GRE-chT 44th"]
[Site "Achaia"]
[Date "2016.07.10"]
[Round "7.10"]
[White "Vitsaxakis, Nikolaos"]
[Black "Chompitakis, Konstantinos"]
[Result "0-1"]
[WhiteElo "1841"]
[BlackElo "1627"]
[PlyCount "108"]
[EventDate "2016.07.05"]
[EventType "team-swiss"]
[EventRounds "7"]
[EventCountry "GRE"]
[SourceTitle "CBM 173 Extra"]
[Source "ChessBase"]
[SourceDate "2016.08.29"]
[SourceVersion "1"]
[SourceVersionDate "2016.08.29"]
[SourceQuality "1"]
[WhiteTeam "St Nicholas Lato"]
[BlackTeam "Chania Kaissa"]
[WhiteTeamCountry "GRE"]
[BlackTeamCountry "GRE"]

1. d4 Nf6 2. Nf3 g6 3. Bg5 Bg7 4. Nbd2 0-0 5. c3 d5 6. e3 c6 7. Bd3 Be6 8. 0-0 Nbd7 9. b4 a5 10. a4 Nb6 11. Qc2 Nc8 12. Rfb1 Nd6 13. bxa5 Rxa5 14. Nb3 Ra7 15. Nc5 Nd7 16. Nxe6 fxe6 17. Bf4 Nf7 18. Bxg6 hxg6 19. Qxg6 Nf6 20. Nd2 Qe8 21. f3 Nh8 22. Qd3 Qg6 23. Qe2 Nf7 24. Kf2 Nh5 25. Bc7 b5 26. axb5 Rxc7 27. b6 Rb7 28. Ra7 Rfb8 29. Qa6 Nd6 30. Rb2 Qe8 31. c4 Qd7 32. c5 Nb5 33. Rxb5 cxb5 34. Rxb7 Qxb7 35. Qxb5 Nf6 36. Nb3 Nd7 37. Na5 Qc8 38. Nc6 Kf7 39. Nxb8 Nxb8 40. g4 e5 41. Qd3 exd4 42. exd4 Nc6 43. Kg3 Nxd4 44. Qd2 Qxc5 45. Qf4+ Bf6 46. Kg2 Qxb6 47. g5 Ne6 48. Qf5 Qb2+ 49. Kf1 Qc1+ 50. Kf2 Qd2+ 51. Kf1 Qxg5 52. Qh7+ Bg7 53. Qc2 Nf4 54. Ke1 Qg1+ 0-1

[Event "GRE-chT 44th"]
[Site "Achaia"]
[Date "2016.07.05"]
[Round "1.10"]
[White "Chompitakis, Konstantinos"]
[Black "Georgiadis, Nikolaos Xant"]
[Result "1/2-1/2"]
[WhiteElo "1627"]
[BlackElo "1591"]
[PlyCount "108"]
[EventDate "2016.07.05"]
[EventType "team-swiss"]
[EventRounds "7"]
[EventCountry "GRE"]
[SourceTitle "CBM 173 Extra"]
[Source "ChessBase"]
[SourceDate "2016.08.29"]
[SourceVersion "1"]
[SourceVersionDate "2016.08.29"]
[SourceQuality "1"]
[WhiteTeam "Chania Kaissa"]
[BlackTeam "Xanthi CN"]
[WhiteTeamCountry "GRE"]
[BlackTeamCountry "GRE"]

1. e4 e5 2. Nf3 Nc6 3. Bb5 a6 4. Ba4 Nf6 5. d3 b5 6. Bb3 Be7 7. 0-0 d6 8. c3 0-0 9. Re1 Na5 10. Bc2 c5 11. a4 Bb7 12. Nbd2 Re8 13. Nf1 Bf8 14. Bg5 g6 15. Qd2 Bg7 16. b4 cxb4 17. cxb4 Nc6 18. Bb3 Qd7 19. Ne3 Ne7 20. h3 Rec8 21. Bxf6 Bxf6 22. Ng4 Bg7 23. Nh6+ Kf8 24. Nxf7 bxa4 25. Bxa4 Nc6 26. Bb3 Nd8 27. Nxd8 Rxd8 28. Ra5 Bf6 29. Nh2 h5 30. Qh6+ Qg7 31. Qxg7+ Bxg7 32. Bc4 Bh6 33. Nf1 Ke7 34. Rea1 Rdb8 35. Rb1 Bc8 36. f3 Rb6 37. Kf2 Rab8 38. Ra4 h4 39. Ne3 Bxe3+ 40. Kxe3 g5 41. Rb2 Bd7 42. Rxa6 Rxb4 43. Rxb4 Rxb4 44. Ra7 Rb2 45. Bd5 Kd8 46. Ra2 Rb1 47. d4 Bb5 48. dxe5 dxe5 49. Kd2 Rg1 50. Ke3 Re1+ 51. Kf2 Rf1+ 52. Ke3 Re1+ 53. Kf2 Rf1+ 54. Ke3 Re1+ 1/2-1/2

[Event "GRE-ch U14"]
[Site "Porto Rio"]
[Date "2016.07.02"]
[Round "7"]
[White "Chompitakis, Konstantinos"]
[Black "Bardis, Harilaos Panagiotis"]
[Result "0-1"]
[WhiteElo "1627"]
[BlackElo "1430"]
[PlyCount "120"]
[EventDate "2016.06.28"]
[EventType "swiss"]
[EventRounds "9"]
[EventCountry "GRE"]
[SourceTitle "CBM 173 Extra"]
[Source "ChessBase"]
[SourceDate "2016.08.29"]
[SourceVersion "1"]
[SourceVersionDate "2016.08.29"]
[SourceQuality "1"]

1. e4 e5 2. Nf3 Nc6 3. Bb5 a6 4. Ba4 Nf6 5. d3 b5 6. Bb3 Be7 7. 0-0 0-0 8. Re1 d6 9. c3 Na5 10. Bc2 c5 11. Nbd2 Qc7 12. a4 Be6 13. Nf1 Ne8 14. axb5 axb5 15. Ne3 Rc8 16. Bd2 Nc6 17. Bb3 Bd8 18. Bd5 Ne7 19. Qb3 Nxd5 20. Nxd5 Qb7 21. Ng5 h6 22. Nxe6 fxe6 23. Ne3 Qf7 24. Re2 Nc7 25. Ra7 Qh5 26. f3 Qg6 27. Kh1 Bg5 28. Qa2 Ra8 29. Re1 Qh5 30. b4 Bh4 31. Rf1 Bg3 32. h3 Bf4 33. Rxa8 Rxa8 34. Qb2 Qg5 35. Re1 Qg3 36. Nf1 Qf2 37. Qc1 Ra2 38. Qd1 Bxd2 39. Re2 Ra1 40. Rxf2 Rxd1 41. Rxd2 Rxf1+ 42. Kh2 cxb4 43. cxb4 Rb1 44. Rc2 Ne8 45. Kg3 Rxb4 46. Kg4 Kf7 47. h4 g6 48. Kh3 Rb3 49. Rd2 b4 50. g4 Rc3 51. Kg3 g5 52. h5 b3 53. Kf2 Rc2 54. Ke3 b2 55. Rxc2 b1Q 56. Kd2 Qf1 57. Ke3 d5 58. d4 exd4+ 59. Kxd4 Qd1+ 60. Kc3 Qxf3+ 0-1

[Event "GRE-ch U14"]
[Site "Porto Rio"]
[Date "2016.06.30"]
[Round "4"]
[White "Nikolakis, Panagiotis Marios"]
[Black "Chompitakis, Konstantinos"]
[Result "1/2-1/2"]
[WhiteElo "1831"]
[BlackElo "1627"]
[PlyCount "85"]
[EventDate "2016.06.28"]
[EventType "swiss"]
[EventRounds "9"]
[EventCountry "GRE"]
[SourceTitle "CBM 173 Extra"]
[Source "ChessBase"]
[SourceDate "2016.08.29"]
[SourceVersion "1"]
[SourceVersionDate "2016.08.29"]
[SourceQuality "1"]

1. e4 c5 2. Nf3 d6 3. d4 cxd4 4. Nxd4 Nf6 5. Nc3 Nc6 6. Be2 Bd7 7. Be3 Rc8 8. f4 Nxd4 9. Bxd4 Bc6 10. Bf3 e6 11. 0-0 a6 12. Qe1 Be7 13. Qg3 0-0 14. Kh1 Kh8 15. Rad1 Ne8 16. Be2 Qa5 17. Rfe1 Bd8 18. Qh3 Bb6 19. Bxb6 Qxb6 20. Bd3 h6 21. b3 Rd8 22. e5 dxe5 23. Rxe5 Nf6 24. Rde1 Qb4 25. Nd1 Qxf4 26. R5e2 Qg4 27. Qe3 Nd5 28. Qd2 Nf4 29. Ne3 Qg5 30. Rf2 Nxd3 31. cxd3 Rd4 32. Qe2 Qg6 33. Nc4 Qxd3 34. Qxd3 Rxd3 35. Ne5 Rc3 36. Ng6+ fxg6 37. Rxf8+ Kh7 38. Rf2 e5 39. Kg1 e4 40. Rfe2 g5 41. Re3 Rc5 42. Kf2 Kg6 43. R3e2 1/2-1/2

[Event "Heraklion Gazi op 11th"]
[Site "Heraklion"]
[Date "2015.07.26"]
[Round "3"]
[White "Fidrilakis, Stavros"]
[Black "Chompitakis, Konstantinos"]
[Result "1-0"]
[WhiteElo "1955"]
[BlackElo "1584"]
[PlyCount "73"]
[EventDate "2015.07.25"]
[EventType "swiss"]
[EventRounds "9"]
[EventCountry "GRE"]
[SourceTitle "CBM 167 Extra"]
[Source "ChessBase"]
[SourceDate "2015.09.14"]
[SourceVersion "1"]
[SourceVersionDate "2015.09.14"]
[SourceQuality "1"]

1. d4 Nf6 2. Bg5 g6 3. Bxf6 exf6 4. g3 d5 5. Bg2 c6 6. e3 Nd7 7. Ne2 f5 8. 0-0 Bg7 9. c4 Nb6 10. Nd2 0-0 11. Rc1 Be6 12. Nf4 Rc8 13. Qe2 Qe7 14. c5 Nd7 15. b4 Nf6 16. a4 a6 17. Nb3 Ne4 18. Na5 Bd7 19. Qb2 Rc7 20. f3 Ng5 21. Rfe1 Ne6 22. Nxe6 fxe6 23. f4 h6 24. Rb1 Rb8 25. Rec1 b5 26. cxb6 Rxb6 27. Qd2 Rc8 28. Nb3 Rxb4 29. Nc5 Rxb1 30. Rxb1 Rc7 31. Nxa6 Ra7 32. Rb8+ Kf7 33. Nc5 Qd6 34. Qb4 Qc7 35. a5 Bf8 36. Rxf8+ Kxf8 37. Nxe6+ 1-0

[Event "GRE-ch U14"]
[Site "Rio Achaia"]
[Date "2015.06.30"]
[Round "7.15"]
[White "Lamprou, Konstantinos Georgi"]
[Black "Chompitakis, Konstantinos"]
[Result "1-0"]
[WhiteElo "1383"]
[BlackElo "1584"]
[PlyCount "81"]
[EventDate "2015.06.26"]
[EventType "swiss"]
[EventRounds "9"]
[EventCountry "GRE"]
[SourceTitle "EXT 2024"]
[Source "ChessBase"]
[SourceDate "2023.10.10"]
[SourceVersion "1"]
[SourceVersionDate "2023.10.10"]
[SourceQuality "1"]

1. e4 c5 2. Nc3 e6 3. g3 Nc6 4. Bg2 Nf6 5. d3 Be7 6. Be3 0-0 7. f4 d5 8. e5 Nd7 9. Bd2 f6 10. Qg4 Kh8 11. Nf3 fxe5 12. 0-0-0 Nf6 13. Qh3 exf4 14. gxf4 e5 15. f5 Ng8 16. Qg3 Rxf5 17. Bh3 Rh5 18. Bxc8 Rxc8 19. Rhg1 Bf6 20. Bg5 g6 21. Rdf1 Bxg5+ 22. Nxg5 Nh6 23. Nxh7 Qg8 24. Nf6 Qf7 25. Nxh5 Nf5 26. Qh3 Qh7 27. Nxd5 Rf8 28. Qg4 Qxh5 29. Qxh5+ gxh5 30. Rg5 Ncd4 31. Ne7 Ne2+ 32. Kd2 Nxe7 33. Rxf8+ Kh7 34. Rf7+ Kh6 35. Rxe7 Nd4 36. Rgxe5 Nf3+ 37. Ke3 Nxh2 38. Rxh5+ Kxh5 39. Rh7+ Kg5 40. Rxh2 Kf5 41. Rh7 1-0

[Event "GRE-ch U14"]
[Site "Rio Achaia"]
[Date "2015.06.27"]
[Round "2.11"]
[White "Papakostas, Vasilis"]
[Black "Chompitakis, Konstantinos"]
[Result "0-1"]
[WhiteElo "1540"]
[BlackElo "1584"]
[PlyCount "84"]
[EventDate "2015.06.26"]
[EventType "swiss"]
[EventRounds "9"]
[EventCountry "GRE"]
[SourceTitle "EXT 2024"]
[Source "ChessBase"]
[SourceDate "2023.10.10"]
[SourceVersion "1"]
[SourceVersionDate "2023.10.10"]
[SourceQuality "1"]

1. d4 Nf6 2. Nf3 g6 3. Nc3 d5 4. Bf4 Bg7 5. e3 0-0 6. Be2 c5 7. 0-0 cxd4 8. exd4 Bf5 9. Nh4 Be6 10. Qd2 Nc6 11. Nb5 Ne4 12. Qc1 Nxd4 13. Nxd4 Bxd4 14. c3 Bh8 15. Nf3 Rc8 16. Qe3 Qa5 17. Nd4 Bd7 18. Bh6 Rfd8 19. f3 Nxc3 20. bxc3 Rxc3 21. Qd2 Qc5 22. Rfd1 e5 23. Be3 exd4 24. Bxd4 Bxd4+ 25. Qxd4 Be6 26. Qxc5 Rxc5 27. Rab1 b6 28. Rb2 Rdc8 29. Rdd2 Kf8 30. Kf2 Rc3 31. f4 Ke7 32. Bf3 R8c5 33. Re2 Ra3 34. Bg4 Kf6 35. Bf3 Rca5 36. g4 h6 37. h4 g5 38. fxg5+ hxg5 39. hxg5+ Kxg5 40. Re5+ Kf4 41. Re3 Rxe3 42. Rb4+ Re4 0-1